Anticipación y postergación de los nacimientos en la transición de fecundidad en el Brasil (Registro nro. 33355)
[ vista simple ]
| 000 -LEADER | |
|---|---|
| fixed length control field | 00495 a2200133 4500 |
| 001 - CONTROL NUMBER | |
| control field | ART_41849 |
| 005 - DATE AND TIME OF LATEST TRANSACTION | |
| control field | 20260410162024.0 |
| 008 - FIXED-LENGTH DATA ELEMENTS--GENERAL INFORMATION | |
| fixed length control field | 260409a |
| 100 1# - MAIN ENTRY--PERSONAL NAME | |
| Personal name | Gonçalves Rios-Neto, Eduardo Luiz |
| 245 10 - TITLE STATEMENT | |
| Title | Anticipación y postergación de los nacimientos en la transición de fecundidad en el Brasil |
| 700 1# - ADDED ENTRY--PERSONAL NAME | |
| Personal name | Miranda-Ribeiro, Adriana de |
| 700 1# - ADDED ENTRY--PERSONAL NAME | |
| Personal name | García, Ricardo Alexandrino |
| 773 0# - HOST ITEM ENTRY | |
| Title | Notas de población |
| Related parts | - Año XLIII, Nº 103 (jul./dic. 2016) |
| Record control number | REV41841 |
No hay ítems disponibles.